000 00442nam a2200181Ia 4500
008 240925s9999 xx 000 0 und d
020 _a9698296182
082 _a378.155 IBR
100 _aIbrahim , imran
245 0 _aEducational Guide of Pakistan
250 _aNA
260 _aLahore:
_bkitab
_c,2003.
300 _axiv,927p.
_bNA
_fOriginal
500 _aNA
600 _aSocial Sciences
650 _aSocial Sciences
942 _cBK
999 _c7808
_d7808